• 首页
  • 本馆介绍
  • 公告通知
  • 最新文献
  • 馆藏检索
  • 电子资源
  • 读者导购
  • 参考咨询
  • 我的图书馆
  • 登录
  • 详细信息显示
  • 放入我的书架
  • 预约/预借图书
  • 作者相关作品
  • 分类相关作品
  • 丛书相关作品
  • 出版社相关作品

书目信息

  • 表格格式
  • 工作单格式
  • 卡片格式
题名:
外国史大事纪年
    
 
作者: 李永采 , 王兴久 , 王春良 编
分册:  
出版信息: 济南   山东教育出版社  1987
页数: 1075页
开本: 20cm
丛书名:
单 册:
中图分类: K108
科图分类:
主题词: 世界史--历史年表
电子资源:
ISBN: 7-5328-0184-5
000 00698nam0 2200241 45
001 0187008276
005 20050415112845.4
010    @a7-5328-0184-5@dCNY6.80
100    @a19900830d1987 emky0chiy0121 ea
101 0  @achi
102    @aCN@b370000
105    @ay z 001yy
200 10 @a外国史大事纪年@Awai guo shi da shi ji nian@f李永采,王兴久,王春良编@FLiYong Cai,Wang Xing Jiu,Wang Chun Liang Bian
210    @a济南@c山东教育出版社@d1987
215    @a1075页@d20cm
606    @a世界史@x历史年表
690    @aK108@v3
701  0 @a李永采@4编
701  0 @a王兴久@4编
701  0 @a王春良@4编
801  0 @aCN@b深圳图书馆@c20050104
801  2 @aCN@bNLC@c20050104
905    @dK108@e47@b202359@f1
    
    外国史大事纪年/李永采,王兴久,王春良编.-济南:山东教育出版社,1987
    1075页;20cm
    
    
    ISBN 7-5328-0184-5:CNY6.80
    
●
相关链接 在E读中查询图书 在五车中查询图书 在当当中查询图书 在豆瓣中查询图书


正题名:外国史大事纪年     索取号:K108/47         预约/预借

序号 登录号 条形码 馆藏地/架位号 状态 备注
1 0202358   001965653   密集书库/ [索取号:K108/47] 在馆    
2 0202359   001993089   密集书库/ [索取号:K108/47] 在馆    
3 0202360   001417265   第二样本阅览室/ [索取号:K108/47] 在馆    
唐山师范学院图书馆 欢迎您!
大连网信软件有限公司© 版权所有